000 00709nam a22002537a 4500
001 46508
003 UA-OsUOA
005 20211104222417.0
007 ta
008 20070622b un ||||| |||| 00| 0 ukr d
040 _aUA-OsUOA
_bukr
_cUA-OsUOA
_dUA-OsUOA
041 _aukr
080 _a821.161.2
090 _a821.161.2
_bД85
100 _aДухович О.
245 _aТвори
260 _aК.
_bВідділ української літератури
_c1968
300 _a774 с.
505 _gТ.1
650 7 _a82 Література. Літературознавство
_2UDC
942 _cBK
_2udc
955 _a3
999 _c332600
_d332600